Word Ladder: Batman Villains II Quiz Stats

 Plays Quiz Updated Jan 19, 2015

Challenge
Share
Tweet
Embed
Score 0/26 Timer 04:00
0 Plays Today
Hint Answer % Correct
Ladder 2: (4 Letters)BALD
91.9%
Ladder 1: (4 Letters)BANG
90.1%
Ladder 3: (4 Letters)HOOT
89.6%
Ladder 3: (4 Letters)HOST
88.5%
Ladder 3: (4 Letters)HOSE
87.5%
Ladder 3: (4 Letters)CATS
86.9%
Ladder 2: (4 Letters)TALK
86.8%
Ladder 2: (4 Letters)BOLD
86.7%
Ladder 3: (4 Letters)CAPS
86.5%
Ladder 2: (4 Letters)BUCK
85.9%
Ladder 2: (4 Letters)BACK
85%
Ladder 1: (4 Letters)DUNG
84.7%
Ladder 2: (4 Letters)BALK
84.5%
Hint Answer % Correct
Ladder 1: (4 Letters)HUNG
83.8%
Ladder 3: (4 Letters)CAPE
83.3%
Ladder 1: (4 Letters)DANG
82.9%
Ladder 1: (4 Letters)BANE
82.1%
Ladder 3: (4 Letters)HOPE
81.4%
Ladder 1: (4 Letters)HUNK
81.2%
Ladder 3: (4 Letters)COPE
79.7%
Ladder 2: (4 Letters)TACK
78.5%
Ladder 2: (4 Letters)DUCK
72.3%
Ladder 2: (4 Letters)DICK
70.8%
Ladder 1: (4 Letters)HUSK
58.8%
Ladder 3: (4 Letters)HOOD
56%
Ladder 1: (4 Letters)HUSH
35.8%

Today's Daily Dose

You're not logged in!

Compare scores with friends on all Sporcle quizzes.
OR
Log In

You Might Also Like...

Show Comments

Extras

Top Quizzes Today


Score Distribution

Your Account Isn't Verified!

In order to create a playlist on Sporcle, you need to verify the email address you used during registration. Go to your Sporcle Settings to finish the process.

Report this User

Report this user for behavior that violates our Community Guidelines.

Details: